000 00886nam a2200265 i 4500
001 106357
003 ES-MaACL
005 20230906184126.0
007 t|
008 061102s1984 xxu ||||1| fre d
020 _a2-905448-00-8
080 _a956.94"1947"
080 _a956.94"1917/48"
100 1 _aSanbar, Elias.
_9102327
245 1 0 _aPalestine 1948
_b: l'expulsion /
_cElias Sanbar.
260 _aWashington :
_bInstitut des Etudes Palestiniennes,
_c[1984]
300 _a234 p. ;
_c22 cm.
490 1 _aLes livres de la Revue d'études palestiniennnes
500 _aBiblioteca Jacinto Martínez Lacalle.
651 4 _aPalestina-
_xHistoria-
_y1947 (Partición)
_99199
651 4 _aPalestina-
_xHistoria-
_y1917-1948.
_99198
830 0 _aLes livres de la Revue d'études palestiniennnes
_9232834
852 _aES-MaACL
_jE-11361
_bR.139115
999 _c106357
_d106357